| 000 | 00769nam a22002057a 4500 | ||
|---|---|---|---|
| 005 | 20100724113310.0 | ||
| 010 | _aENG-96450 | ||
| 020 |
_a9788132102434 _c495.00 |
||
| 035 | _aEN-79983 | ||
| 037 | _bDBAD/PUB | ||
| 082 | _a658.5 | ||
| 100 |
_aYoung, Scott T. _91174 |
||
| 245 |
_aEssentials of operations management / _cby Scott T.Young |
||
| 260 |
_aNew Delhi _bSage Publications _c2009 |
||
| 270 |
_aB1/i-1 Mohan Cooperative Industrial Area, Mathura Road _bNew Delhi _e110044 |
||
| 300 |
_avarious paginggs : _bill. _c24cm (pbk) |
||
| 500 | _aincludes index | ||
| 942 |
_2ddc _cEN _h658.5 _mYOU |
||
| 999 |
_c37503 _d37503 |
||